Sports Quiz

Random Sports Quiz

2014 AFL Head Coaches Quiz Stats

 Plays Quiz not verified by Sporcle

Challenge
Share
Tweet
Embed
Score 0/20 Timer 10:00
0 Plays Today
Hint Answer % Correct
Collingwood MagpiesNathan Buckley
96.6%
Carlton BluesMick Malthouse
93.1%
Essendon BombersMark Thompson
93.1%
Fremantle DockersRoss Lyon
93.1%
Geelong CatsChris Scott
93.1%
North Melbourne KangaroosBrad Scott
89.7%
Adelaide CrowsBrenton Sanderson
86.2%
Melbourne DemonsPaul Roos
86.2%
Port Adelaide PowerKen Hinkley
86.2%
Gold Coast SunsGuy McKenna
82.8%
Hint Answer % Correct
Hawthorn Hawks Alastair Clarkson
82.8%
Brisbane LionsJustin Leppitsch
79.3%
Greater Western Sydney GiantsLeon Cameron
79.3%
Richmond TigersDamien Hardwick
79.3%
West Coast EaglesAdam Simpson
79.3%
Sydney SwansJohn Longmire
75.9%
St Kilda SaintsAlan Richardson
65.5%
Western BulldogsBrendan McCartney
58.6%
3.4%
3.4%

You're not logged in!

Compare scores with friends on all Sporcle quizzes.
Join for Free
OR
Log In

You Might Also Like...

Show Comments

Extras

Created Aug 11, 2014ReportNominate
Tags:2014, afl, coach

Top Quizzes Today


Score Distribution

Your Account Isn't Verified!

In order to create a playlist on Sporcle, you need to verify the email address you used during registration. Go to your Sporcle Settings to finish the process.

Report this User

Report this user for behavior that violates our Community Guidelines.

Details: